Prénoms filles 2008 - Statistiques

Statistiques générales
  • Ce quiz a été pris 1 560 fois
    434 depuis la dernière actualisation
  • Le résultat moyen est 54 sur 100
Statistiques - réponses
Hint Lettre Prénoms % Correct
1 L Léa
94%
23 J Julie
90%
22 L Lou
89%
2 E Emma
85%
32 M Marie
85%
4 M Manon
84%
3 C Chloé
83%
6 J Jade
82%
11 Z Zoé
82%
14 L Louise
81%
10 J Juliette
77%
36 A Anna
76%
40 C Camille
76%
13 C Clara
73%
48 J Julia
72%
75 S Sara
72%
39 E Élise
70%
5 L Lucie
70%
25 L Lisa
69%
17 I Inès
68%
9 L Lilou
68%
7 L Lola
68%
30 A Alice
67%
26 R Romane
67%
21 C Charlotte
66%
18 E Eva
66%
19 L Léna
66%
46 J Jeanne
65%
51 P Pauline
65%
44 L Laura
64%
20 O Océane
63%
47 E Émilie
62%
33 L Lina
62%
55 E Elisa
61%
56 L Lise
61%
15 S Sarah
61%
34 J Justine
60%
8 A Anaïs
59%
70 M Marine
59%
38 M Mathilde
59%
29 C Clémence
58%
58 V Valentine
58%
37 N Nina
57%
77 O Olivia
56%
41 A Ambre
55%
16 L Louna
55%
28 N Noémie
55%
49 A Alicia
54%
63 L Lily
54%
24 L Louane
54%
97 A Amélie
53%
43 M Margaux
53%
42 M Margot
53%
59 R Rose
53%
91 M Marion
52%
74 V Victoria
52%
69 C Carla
51%
82 E Éloïse
50%
12 M Maëlys
50%
35 C Célia
49%
54 L Lana
49%
52 L Luna
49%
27 M Maëlle
49%
57 H Héloïse
48%
50 A Agathe
47%
66 L Léonie
47%
68 G Gabrielle
46%
72 L Léane
46%
67 Y Yasmine
46%
84 N Ninon
45%
83 L/A Lou Anne
44%
31 M Maeva
44%
61 E Elena
42%
94 S Sofia
42%
73 E Elsa
41%
76 A Adèle
40%
95 M Mila
40%
65 A Amandine
39%
45 M Mélissa
39%
89 M Morgane
38%
88 C Cloé
37%
90 E Emy
37%
53 C Capucine
35%
80 S Salomé
35%
85 F Faustine
34%
93 F Flora
34%
60 M Mélina
33%
62 A Anaëlle
31%
86 C Cassandra
31%
78 M Maya
31%
87 M Méline
31%
98 C Cassandre
29%
79 L Loane
28%
99 A Alexia
27%
64 C Candice
27%
81 A Andréa
25%
96 J Joséphine
24%
71 A Angelina
17%
100 M Maïa
12%
92 S Shana
5%
Aucun quiz correspondant
Distribution des résultats
% des personnes avec chaque résultat
Percentile par nombre de réponses
Votre historique - résultats
Vous n’avez pas pris ce quiz depuis la dernière actualisation